Vorname als Nachname als Vorname - Statistiken

Allgemein
  • Dieses Quiz wurde 408 mal gespielt
  • Das Durchschnittsergebnis liegt bei 9 aus 14
Antwortstatistiken
Vorname ? Name ? Nachname % Korrekt
George Michael Schumacher
95%
Anne Frank Sinatra
94%
Larry David Bowie
86%
Ron Paul McCartney
84%
David Cameron Diaz
81%
Grace Kelly Clarkson
80%
Ricky Martin Sheen
63%
Diana Ross Antony
62%
Sharon Stone Phillips
56%
George Harrison Ford
47%
James Dean Martin
45%
Spencer Tracy Ullman
39%
Peter Gabriel García Márquez
23%
Michael Douglas MacArthur
16%
Keine übereinstimmenden Quizze gefunden
Verteilung der Resultate
Anzahl Personen mit jedem Resultat
Perzentil nach korrekt beantworteten Fragen
Ihre Resultats-Entwicklung
Sie haben dieses Quiz noch nicht gespielt